[Event "COL-chT 21st"]
[Site "Cartagena"]
[Date "2019.11.30"]
[Round "6.2"]
[White "Mosquera Klinger, Miguel Alonso"]
[Black "Navia Alvarez, Edwin Adrian"]
[Result "1-0"]
[WhiteElo "2482"]
[BlackElo "1979"]
[PlyCount "59"]
[EventDate "2019.11.30"]
[EventType "team-swiss"]
[EventRounds "9"]
[EventCountry "COL"]
[SourceTitle "CBM 195 Extra"]
[Source "ChessBase"]
[SourceDate "2020.05.31"]
[SourceVersion "1"]
[SourceVersionDate "2020.05.31"]
[SourceQuality "1"]
[WhiteTeam "Bogota"]
[BlackTeam "Cauca"]
[WhiteTeamCountry "COL"]
[BlackTeamCountry "COL"]

1. e4 d5 2. exd5 Qxd5 3. Nc3 Qa5 4. d4 c6 5. Nf3 Nf6 6. Bc4 Bf5 7. Bd2 e6 8. Nd5 Qd8 9. Nxf6+ Qxf6 10. c3 Bd6 11. h3 h6 12. Qe2 Nd7 13. 0-0 0-0 14. Rfe1 Rfe8 15. Ne5 Bxe5 16. dxe5 Qe7 17. Rad1 Nb6 18. Bb3 Red8 19. Bf4 Rxd1 20. Rxd1 Rd8 21. c4 Rxd1+ 22. Qxd1 Qd7 23. Qd6 Qxd6 24. exd6 Kf8 25. g4 Be4 26. c5 Nd7 27. Be3 Bd5 28. Bxd5 exd5 29. Bd4 f6 30. f4 1-0